|
|
|
|
| LEADER |
00000naa2a2200000 4500 |
| 001 |
394058 |
| 005 |
20231101064449.0 |
| 035 |
|
|
|a (RuTPU)RU\TPU\prd\30522
|
| 090 |
|
|
|a 394058
|
| 100 |
|
|
|a 20041130a2004 k y0rusy50 ca
|
| 101 |
0 |
|
|a rus
|
| 102 |
|
|
|a RU
|
| 200 |
1 |
|
|a К вопросу получения сульфата аммония из сернокислотных промотходов нефтеперерабатывающего предприятия
|f В. П. Малкин, С. В. Мещеряков, Н. Г. Ягудин
|
| 225 |
1 |
|
|a Инженерные решения
|
| 320 |
|
|
|a Библиогр.: 1 назв.
|
| 461 |
|
1 |
|0 (RuTPU)RU\TPU\prd\1141
|t Экология и промышленность России
|o ежемесячный общественный научно-технический журнал
|d 2001-
|
| 463 |
|
1 |
|0 (RuTPU)RU\TPU\prd\28154
|t № 8
|v С. 12-15
|d 2004
|
| 610 |
1 |
|
|a сульфат аммония
|
| 610 |
1 |
|
|a промышленные отходы
|
| 610 |
1 |
|
|a сернокислотные отходы
|
| 610 |
1 |
|
|a нефтеперерабатывающие предприятия
|
| 610 |
1 |
|
|a алкилирование
|
| 610 |
1 |
|
|a утилизация отходов
|
| 700 |
|
1 |
|a Малкин
|b В. П.
|
| 701 |
|
1 |
|a Мещеряков
|b С. В.
|
| 701 |
|
1 |
|a Ягудин
|b Н. Г.
|
| 801 |
|
1 |
|a RU
|b 63413507
|c 20041130
|g PSBO
|
| 942 |
|
|
|c BK
|